00528nam a2200181 a 45000010010000000030011000100080041000210350026000620820014000881000022001022450022001242600046001466500017001929420012002099520090002219980020003119990015003310000-9142ELIB.Books110520 1996  a(ELIB.Books)0000-9294 a232 bSpa aSparks, T. Austin aUnion with Christ bPensacola: Testimony Book Ministry c1996 aJesus Christ 2ddccBK 00102ddc4070aKBTSbKBTSd2011-05-20l0p3608r2022-01-22 00:00:00w2022-01-22yBK cbate2011-05-20 c9142d9142